Quizzes
Events
Quiz Creation
Community
Videos
Private Events
Remove Ads
Sign In
Join for FREE
Feedback
Dark Mode
Quiz Categories
Sports
Geography
Music
Movies
Television
Just For Fun
Miscellaneous
History
Literature
Language
Science
Gaming
Entertainment
Religion
Holiday
For Kids
Quiz Lab
Recent
Popular Today
Quiz Kudos Today
Editor Picks
Curator Picks
Quizzes by...
Day
Popularity
Type
Ratings
Length
Year
Community
Subscriptions
Recent Discussions
Orange Saloon
Badges
Playlists
Quests
Create
Leaderboards
Showdown
Live 5
Trivia Bingo
Activity
Puzzle Library
Sporcle Events
Private Events
Virtual Trivia
Globe League
Become a Host
Pub Owners
SporcleCon
Opinionation
Our Games
Videos
Blog
Mobile Apps
Partnerships
Remove Ads and Go Orange
Feedback
Sports
Athletes
MLB
NBA
NHL
NFL
Soccer
Sports Teams
WWE
NCAA
Football
Premier League
Basketball
Baseball
Hockey
Golf
Tennis
Cricket
Rugby
Auto Racing
Olympics
World Cup
Sports
Athletes
MLB
NBA
NHL
NFL
Soccer
Sports Teams
WWE
NCAA
Football
Premier League
Basketball
Baseball
Hockey
Golf
Tennis
Cricket
Rugby
Auto Racing
Olympics
World Cup
Random Quiz
Search Sporcle
×
Quiz Lab
Quiz Lab
Sports
2012
Type in answers that appear in a list
Type in answers that appear in a list
Classic
Best Score? Go Orange.
Rutgers Basketball 2012 Stats
Can you name the main facts of 2012 Rutgers basketball?
By
bubbashrimp222
7m
21 Questions
101 Plays
101 Plays
101 Plays
Comments
Comments
Give Quiz Kudos
Give Quiz Kudos
-
- Ratings
hide this ad
Replay
Link that replays current quiz
Next Quiz
Link to next quiz in quiz playlist
You Got
0%
They Got
Avg Score
54%
Avg Friend Score
Upgrade to see
Score Distribution
Jump to the score distribution portion of the page
Score
0/21
Timer
07:00
0
Plays Today
Fact Hint
Fact Answer
% Correct
Mascot
The Scarlet Knight
96%
Guard (Freshman)
Myles Mack
78.2%
Head Coach (2nd Season)
Mike Rice
77.2%
Guard (Freshman)
Eli Carter
73.3%
Latest NBA 1st Round Draft Pick (19th Overall by SAC in 2006)
Quincy Douby
71.3%
First Top 10 Team RU Beat in 11-
12
Florida
69.3%
Second Top 10 Team RU Beat in 11-
12
Connecticut
65.3%
Forward/
Guard (Junior)
Dane Miller
55.4%
Year Founded
1766
54.5%
Guard (Freshman)
Jerome Seagears
54.5%
Forward (RS Freshman)
Kadeem Jack
54.5%
Fact Hint
Fact Answer
% Correct
Forward/
Center (Junior)
Austin Johnson
51.5%
Center/
Forward (Sophmore)
Gilvydas Biruta
49.5%
Forward/
Center (Freshman)
Derrick Randall
45.5%
Guard/
Forward (Sophmore)
Mike Poole
44.6%
Original Name
Queen's College
43.6%
Forward (Freshman)
Greg Lewis
42.6%
Guard/
Forward (Freshman)
Malick Kone
35.6%
Main Campus Location
New Brunswick, NJ
29.7%
Guard (Sophmore)
Austin Carroll
28.7%
Other Campus Location(s)
Camden, NJ
22.8%
Quiz Playlist
Details
Report
Send in Message
Add To Playlist
Classic:
Type in answers that appear in a list
Last Updated: Feb 16, 2017
Quiz Scoreboard
CHALLENGE
Sign Up to Join the Scoreboard
Show All
Scores
Hide
Comments
May contain spoilers
Recently Published
Decade Duel: World Leaders
by jenniferyan
History
4m
Alphabetical 'K' Countries by Flag Minefield
by ylime102
Geography
3m
Pick 6: Fruits
by JohnFran
Miscellaneous
15s
More to Explore
Quiz From the Vault
Featured Blog Post
15 Basketball Trivia Facts You Can Be March Mad About
hide this ad
You Might Also Like...
Tags
2012
NCAA Basketball
Rutgers University
Today's Top Quizzes in Sports
Browse Sports
hide this ad
Today's Top Quizzes in 2012
Browse 2012
Top Contributed Quizzes in Sports
1
Les joueurs à 100 buts en Ligue 1 Uber Eats
2
2022 World Cup Stars
3
Pick 6: NFL Teams
4
MLB 2 truths and a lie: Hall of Fame pitchers
5
Pick 6: Minor League Baseball
6
Millionaire: NBA Finals Edition
7
Pick 6: Olympics
8
Click the 1998 NBA Draft
9
Criteria MLB: Left Handed Sluggers
10
NBA Logic Puzzle 2.0
Explore More
Trending Topics
Anime
Kpop
Harry Potter
Disney
Crossword
Marvel
NBA
NFL
Pokémon
Country
Song
Soccer
WWE
Puzzle
The Office
hide this ad
More By:
bubbashrimp222
Quiz
Plays
Rating
Category
Featured
Created
Toy Story Main Characters
297
3.67
Movies
Jun 13, 2011
AL Cy Young Winners Since 1997
156
1.50
Sports
Jun 15, 2011
Rutgers Basketball 2012
101
5.00
Sports
Jan 18, 2012
2011-2012 College Bowl Game Locations
93
1.50
Sports
Dec 21, 2011
Go to Creator's Profile
Score Distribution
Quiz Creator Spotlight
bubbashrimp222
Follow
Send a Message
Quizzes Created
-
Created Quiz Play Count
-
More By This Creator
Popular Quizzes Today
1
Countries of Asia Without Outlines Minefield
2
Find the US States - No Outlines Minefield
3
Pick 6: Fruits
4
The Countries of the World
5
Alphabetical 'K' Countries by Flag Minefield
6
Find the Countries of Europe - No Outlines Minefield
7
US States
8
Find the US States
More Sports Quizzes
Quick Pick: Bartolo Colon Teams by Logo
Quiz Lab
Trending Quizzes
Pick 6: Mountains
Pick 6: Harry Potter
Pick 6: Flags
Pick 6: NFL Teams
Pick 6: Movie Franchises
Recently Updated
Adaptations: Name the Title
pecheneg
NWSL Teams
pecheneg
Women's Final Four Teams by Year
bhenderson79
Presidents Quartet II
eogle
Anything But Clue(do)
eogle
Anything But Oceanian Capitals
eogle
Anything But 7
eogle
Anything But Thing
eogle
Word Ladder: February 29
pecheneg
Song Title Questions
pecheneg
Trending Topics
Kpop
Disney
Marvel
Harry Potter
NBA
Anime
Crossword
Puzzle
Song
Pokémon
The Office
Soccer
Country
NFL
WWE
Your Account Isn't Verified!
In order to create a playlist on Sporcle, you need to verify the email address you used during registration. Go to your
Sporcle Settings
to finish the process.
Report this User
Report this user for behavior that violates our
Community Guidelines
.
Details:
Send Report
Go to the Sporcle.com Mobile Site →
Comments